Odgadnij województwo po zdjęciu jego stolicy - Statystyki

Ogólne statystyki
  • Ten quiz został rozwiązany 42 razy
  • Średni wynik to 9 z 18
Statystyki odpowiedzi
Obrazkowy Odpowiedź % Poprawnych
mazowieckie
73%
pomorskie
73%
małopolskie
69%
kujawsko-pomorskie
65%
dolnośląskie
58%
lubelskie
58%
podlaskie
50%
śląskie
50%
wielkopolskie
50%
podkarpackie
46%
świętokrzyskie
46%
zachodniopomorskie
46%
kujawsko-pomorskie
38%
łódzkie
38%
opolskie
38%
lubuskie
35%
warmińsko-mazurskie
35%
lubuskie
31%
Nie znaleziono quizów pasujących do podanych kryteriów
Rozkład punktacji
Procent ludzi z każdym wynikiem
Percentyl według liczby udzielonych odpowiedzi
Twoja historia wyników
Nie rozwiązałeś tego quizu